[Event "SR 2. liga A 2011/2012"]
[Site "?"]
[Date "2012.01.07"]
[Round "42.8"]
[White "Tomovicsova, Evelina"]
[Black "Sustak, Roman"]
[Result "1-0"]
[WhiteElo "1689"]
[BlackElo "1971"]
[PlyCount "83"]
[EventDate "2011.??.??"]
[WhiteTeam "Slovakia"]
[BlackTeam "Slovakia"]
[WhiteTeamCountry "SVK"]
[BlackTeamCountry "SVK"]

1. e4 e6 2. d4 d5 3. exd5 exd5 4. Be2 Nf6 5. Bf4 Bd6 6. Bxd6 Qxd6 7. c3 O-O 8.
Nf3 Bg4 9. O-O Nbd7 10. Re1 Rae8 11. Nbd2 Bf5 12. Nf1 Ne4 13. Ng3 Bg6 14. Bd3
Re7 15. Qc2 Rfe8 16. Re2 Nxg3 17. Rxe7 Rxe7 18. hxg3 Be4 19. Re1 Nf6 20. Re2 h6
21. Nd2 Qe6 22. f3 Qd6 23. fxe4 Qxg3 24. Nf1 Qg5 25. e5 Nh5 26. Qd2 Nf4 27. Re3
Qh4 28. Qf2 Qg5 29. Qg3 Qxg3 30. Nxg3 g6 31. Rf3 Ne6 32. Ne2 c6 33. b3 b5 34.
c4 a6 35. cxd5 cxd5 36. a4 bxa4 37. bxa4 a5 38. Bb5 Rc7 39. Rc3 Rb7 40. Rc6 Nc7
41. Rc5 Kg7 42. Nc3 1-0

[Event "SR 2. liga A 2011/2012"]
[Site "?"]
[Date "2012.01.28"]
[Round "43.1"]
[White "Pagerka, Martin"]
[Black "Matejovic, Juraj"]
[Result "1-0"]
[WhiteElo "2200"]
[BlackElo "2243"]
[PlyCount "107"]
[EventDate "2011.??.??"]
[WhiteTeam "Slovakia"]
[BlackTeam "Slovakia"]
[WhiteTeamCountry "SVK"]
[BlackTeamCountry "SVK"]

1. e4 c5 2. Nf3 d6 3. d4 cxd4 4. Nxd4 Nf6 5. Nc3 a6 6. Be2 e6 7. O-O Be7 8. f4
O-O 9. Be3 Qc7 10. a4 Nc6 11. Nb3 Bd7 12. Qd2 b6 13. g4 Bc8 14. g5 Nd7 15. Bg4
Nc5 16. Qf2 Rb8 17. Qh4 f6 18. Qh3 Qd7 19. gxf6 Bxf6 20. Rad1 Qe7 21. e5 dxe5
22. Nxc5 bxc5 23. Ne4 Nd4 24. fxe5 Bxe5 25. Rxf8+ Qxf8 26. c3 Nf5 27. Bxc5 Qe8
28. b4 Bb7 29. Bh5 Qxa4 30. Ng5 h6 31. Nxe6 Qc6 32. Nd8 Qh1+ 33. Kf2 Bg3+ 34.
Ke2 Qe4+ 35. Kf1 Qf4+ 36. Kg1 Bxh2+ 37. Qxh2 Qg5+ 38. Kf2 Rxd8 39. Rxd8+ Qxd8
40. Qf4 Qd5 41. Bf3 Qa2+ 42. Be2 Qf7 43. Bc4 Bd5 44. Bxa6 Qg6 45. Bf1 h5 46. c4
Be6 47. b5 h4 48. b6 Qf6 49. Bg2 Qb2+ 50. Kg1 Kh7 51. b7 h3 52. Be4 Qa1+ 53.
Kh2 Qb2+ 54. Bf2 1-0

[Event "SR 2. liga A 2011/2012"]
[Site "?"]
[Date "2012.01.28"]
[Round "43.2"]
[White "Federic, Jozef"]
[Black "Cajka, Tibor"]
[Result "1/2-1/2"]
[WhiteElo "2270"]
[BlackElo "2140"]
[PlyCount "74"]
[EventDate "2011.??.??"]
[WhiteTeam "Slovakia"]
[BlackTeam "Slovakia"]
[WhiteTeamCountry "SVK"]
[BlackTeamCountry "SVK"]

1. d4 d5 2. Nf3 Nf6 3. c4 e6 4. g3 Bb4+ 5. Nbd2 Ne4 6. Bg2 O-O 7. O-O Nxd2 8.
Nxd2 Nd7 9. Qb3 Bxd2 10. Bxd2 Nb6 11. cxd5 exd5 12. Qc2 c6 13. b3 Qf6 14. Be3
Bf5 15. Qd2 Rfe8 16. Bf4 Nd7 17. Rfe1 Nf8 18. Rad1 h6 19. Qb4 Ng6 20. Bc1 Qe7
21. Qa5 Qd7 22. f3 Bh3 23. Bh1 f5 24. Rd3 Re6 25. Kf2 b6 26. Qc3 Rae8 27. Re3
f4 28. Rxe6 Rxe6 29. Bg2 Bxg2 30. Kxg2 Qe7 31. Qd3 Qf6 32. Kf2 fxg3+ 33. hxg3
Ne7 34. Bf4 Ng6 35. Bc1 Ne7 36. Bf4 Ng6 37. Bc1 Ne7 1/2-1/2

[Event "SR 2. liga A 2011/2012"]
[Site "?"]
[Date "2012.01.28"]
[Round "43.3"]
[White "Jozefek, Michal"]
[Black "Skara, Vladimir"]
[Result "0-1"]
[WhiteElo "1910"]
[BlackElo "2219"]
[PlyCount "44"]
[EventDate "2011.??.??"]
[WhiteTeam "Slovakia"]
[BlackTeam "Slovakia"]
[WhiteTeamCountry "SVK"]
[BlackTeamCountry "SVK"]

1. d4 Nf6 2. c4 c5 3. d5 d6 4. Nc3 g6 5. e4 Bg7 6. f4 O-O 7. Nf3 e6 8. Bd3 exd5
9. cxd5 b5 10. Bxb5 Nxe4 11. Nxe4 Qa5+ 12. Kf2 Qxb5 13. Nxd6 Qb6 14. Nxc8 Rxc8
15. Rb1 Nd7 16. Re1 Nf6 17. Ne5 Rd8 18. Nc6 Rd7 19. b4 Nxd5 20. Ne7+ Rxe7 21.
Qxd5 cxb4+ 22. Kf1 Rd8 0-1

[Event "SR 2. liga A 2011/2012"]
[Site "?"]
[Date "2012.01.28"]
[Round "43.4"]
[White "Mydlarik, Martin"]
[Black "Spacek, Oliver"]
[Result "1-0"]
[WhiteElo "2136"]
[BlackElo "1907"]
[PlyCount "53"]
[EventDate "2011.??.??"]
[WhiteTeam "Slovakia"]
[BlackTeam "Slovakia"]
[WhiteTeamCountry "SVK"]
[BlackTeamCountry "SVK"]

1. e4 c5 2. Nf3 Nc6 3. Bb5 g6 4. Bxc6 dxc6 5. h3 Bg7 6. e5 Qc7 7. Qe2 Bf5 8. d3
O-O-O 9. Nc3 h5 10. Bf4 Bh6 11. Bxh6 Nxh6 12. O-O-O f6 13. Rhe1 g5 14. Nd2 Nf7
15. g4 hxg4 16. hxg4 Bg6 17. exf6 exf6 18. Qe6+ Qd7 19. Qxf6 Rh6 20. Re7 Qd6
21. Rxf7 Bxf7 22. Qxf7 Rf8 23. Qg7 Rg6 24. Nce4 Rxg7 25. Nxd6+ Kc7 26. Nf5 Rgf7
27. Ne4 1-0

[Event "SR 2. liga A 2011/2012"]
[Site "?"]
[Date "2012.01.28"]
[Round "43.5"]
[White "Diviak, Rastislav"]
[Black "Sustak, Roman"]
[Result "1-0"]
[WhiteElo "2020"]
[BlackElo "1971"]
[PlyCount "79"]
[EventDate "2011.??.??"]
[WhiteTeam "Slovakia"]
[BlackTeam "Slovakia"]
[WhiteTeamCountry "SVK"]
[BlackTeamCountry "SVK"]

1. e4 e6 2. d4 d5 3. Nd2 c5 4. exd5 exd5 5. Ngf3 Nf6 6. Bb5+ Bd7 7. Qe2+ Qe7 8.
Qxe7+ Bxe7 9. Bxd7+ Nbxd7 10. dxc5 Bxc5 11. Nb3 Bb6 12. O-O O-O 13. Nbd4 Rfe8
14. c3 Nc5 15. Bg5 Nfe4 16. Be3 Nd7 17. Rad1 Ndf6 18. Rfe1 Ng4 19. h3 Nxe3 20.
Rxe3 a6 21. Re2 Rad8 22. Rde1 Kf8 23. Nc2 f5 24. Nfd4 Kf7 25. Nxf5 Rf8 26. Nfd4
Kg8 27. f3 Nf6 28. Re7 Rf7 29. Kf1 Rd7 30. Nf5 h6 31. Ncd4 Kh7 32. Rxd7 Rxd7
33. Ne6 Rf7 34. Nd6 Nh5 35. Re5 Ng3+ 36. Ke1 Rf6 37. Nc8 Bg1 38. Ne7 Bh2 39.
Nxd5 Rxf3 40. gxf3 1-0

[Event "SR 2. liga A 2011/2012"]
[Site "?"]
[Date "2012.01.28"]
[Round "43.6"]
[White "Horvath, Marek"]
[Black "Spacek, Marcel"]
[Result "1-0"]
[WhiteElo "1844"]
[BlackElo "1818"]
[PlyCount "47"]
[EventDate "2011.??.??"]
[WhiteTeam "Slovakia"]
[BlackTeam "Slovakia"]
[WhiteTeamCountry "SVK"]
[BlackTeamCountry "SVK"]

1. e4 c5 2. c3 Nf6 3. e5 Nd5 4. d4 e6 5. Nf3 Nc6 6. Bc4 Nb6 7. Bb3 Qc7 8. O-O
d6 9. dxc5 dxc5 10. Bf4 c4 11. Bc2 Nd5 12. Bg3 Bc5 13. Nbd2 b5 14. Ne4 Be7 15.
Nd6+ Bxd6 16. exd6 Qb6 17. Be4 Nf6 18. Ne5 Bd7 19. Qf3 Rc8 20. Rad1 Nd8 21. Bc2
Qb7 22. Nxd7 Qxf3 23. Nxf6+ Qxf6 24. d7+ 1-0

[Event "SR 2. liga A 2011/2012"]
[Site "?"]
[Date "2012.01.28"]
[Round "44.1"]
[White "Likavsky, Tomas"]
[Black "Peitl, Tomas"]
[Result "1-0"]
[WhiteElo "2486"]
[BlackElo "2214"]
[PlyCount "75"]
[EventDate "2011.??.??"]
[WhiteTeam "Slovakia"]
[BlackTeam "Slovakia"]
[WhiteTeamCountry "SVK"]
[BlackTeamCountry "SVK"]

1. d4 d5 2. c4 Nc6 3. Nc3 e6 4. Nf3 Nf6 5. Bg5 Be7 6. e3 O-O 7. Rc1 a6 8. a3 h6
9. Bh4 dxc4 10. Bxc4 b5 11. Be2 Bb7 12. O-O Na5 13. Ne5 Nd7 14. Bxe7 Qxe7 15.
Nxd7 Qxd7 16. b4 Nc4 17. Bxc4 bxc4 18. Qe2 Qc6 19. f3 f5 20. Rfd1 Rfd8 21. Nb1
a5 22. Qxc4 Qxc4 23. Rxc4 axb4 24. axb4 Bd5 25. Rxc7 Rab8 26. Nc3 Rxb4 27. Nxd5
Rxd5 28. Ra1 e5 29. Raa7 Rb1+ 30. Kf2 Rb2+ 31. Kg3 f4+ 32. Kh3 fxe3 33. Rxg7+
Kf8 34. Rgf7+ Kg8 35. Rfe7 Kf8 36. Rxe5 Rxe5 37. dxe5 Rb5 38. f4 1-0

[Event "SR 2. liga A 2011/2012"]
[Site "?"]
[Date "2012.01.28"]
[Round "44.2"]
[White "Bezuch, Martin"]
[Black "Doucha, Ludvik"]
[Result "1-0"]
[WhiteElo "2210"]
[BlackElo "2102"]
[PlyCount "77"]
[EventDate "2011.??.??"]
[WhiteTeam "Slovakia"]
[BlackTeam "Slovakia"]
[WhiteTeamCountry "SVK"]
[BlackTeamCountry "SVK"]

1. e4 e5 2. Nf3 d6 3. Bc4 c5 4. d3 Be7 5. c3 Nf6 6. O-O O-O 7. Re1 Nc6 8. Bb3
Kh8 9. Nbd2 Ne8 10. Nf1 g6 11. Bh6 Ng7 12. h3 Bd7 13. d4 Qc7 14. Ne3 Rae8 15.
Nd5 Qc8 16. dxc5 dxc5 17. Nxe7 Rxe7 18. Qd6 f6 19. Qxc5 Bxh3 20. Bxg7+ Kxg7 21.
gxh3 Qxh3 22. Nh2 f5 23. Qe3 Qh4 24. Qg3 Qf6 25. exf5 Qxf5 26. Bd5 e4 27. Bxc6
bxc6 28. Rad1 h5 29. Re2 Rf6 30. Red2 Rfe6 31. Nf1 g5 32. Ne3 Qf6 33. Rd7 Kg6
34. Qb8 g4 35. Qg8+ Qg7 36. Qxg7+ Rxg7 37. Rxg7+ Kxg7 38. Rd7+ Kg6 39. Rxa7 1-0

[Event "SR 2. liga A 2011/2012"]
[Site "?"]
[Date "2012.01.28"]
[Round "44.3"]
[White "Arendas, Marek"]
[Black "Sosovicka, Juraj"]
[Result "0-1"]
[WhiteElo "2082"]
[BlackElo "2198"]
[PlyCount "52"]
[EventDate "2011.??.??"]
[WhiteTeam "Slovakia"]
[BlackTeam "Slovakia"]
[WhiteTeamCountry "SVK"]
[BlackTeamCountry "SVK"]

1. e4 e5 2. Nf3 Nc6 3. Nc3 Nf6 4. Bc4 Nxe4 5. Nxe4 d5 6. Bb5 dxe4 7. Nxe5 Qd5
8. Bxc6+ bxc6 9. Ng4 f5 10. Ne3 Qe5 11. Qe2 Bc5 12. Rb1 O-O 13. b4 Bd4 14. Bb2
Bxb2 15. Nc4 Qd5 16. Nxb2 a5 17. c4 Qd4 18. b5 f4 19. d3 exd3 20. Qxd3 Re8+ 21.
Kd1 Qxf2 22. Kc1 Bg4 23. Nd1 Qxg2 24. Qf1 Qe4 25. Rg1 Bxd1 26. Qxd1 Rad8 0-1

[Event "SR 2. liga A 2011/2012"]
[Site "?"]
[Date "2012.01.28"]
[Round "44.4"]
[White "Oprea, Erik"]
[Black "Hertel, Ondrej"]
[Result "1-0"]
[WhiteElo "2135"]
[BlackElo "2073"]
[PlyCount "109"]
[EventDate "2011.??.??"]
[WhiteTeam "Slovakia"]
[BlackTeam "Slovakia"]
[WhiteTeamCountry "SVK"]
[BlackTeamCountry "SVK"]

1. d4 d5 2. c4 e6 3. Nc3 Nf6 4. Nf3 c6 5. e3 Bd6 6. c5 Bc7 7. Bd2 Nbd7 8. b4 a6
9. Qa4 Rb8 10. Bd3 e5 11. Bc2 e4 12. Ng1 O-O 13. f4 exf3 14. gxf3 Nh5 15. O-O-O
Qh4 16. Nge2 f5 17. f4 Ndf6 18. Rdg1 Ne4 19. Be1 Qh3 20. Nd1 Nhf6 21. Qb3 Be6
22. Ng3 Rbe8 23. Bd3 Qh6 24. Qc2 Nh5 25. Nxh5 Qxh5 26. Bxe4 fxe4 27. Rg5 Qf3
28. Rhg1 Rf7 29. h4 Bd8 30. R1g3 Qf1 31. Rg1 Qf3 32. R5g3 Qh5 33. Qg2 Bf6 34.
Nc3 Bf5 35. Ne2 Kf8 36. Rh1 Rb8 37. Qh2 Bg4 38. f5 Bxe2 39. Rg5 Bxg5 40. Qxb8+
Ke7 41. Qxb7+ Kd8 42. Qb8+ Ke7 43. Qd6+ Ke8 44. Qxc6+ Rd7 45. Qe6+ Kd8 46. Qg8+
Kc7 47. Bg3+ Kc6 48. Qc8+ Kb5 49. Qxd7+ Kc4 50. Bf2 Qf3 51. Kb2 Bd1 52. Rxd1
Qxf2+ 53. Kb1 Bxe3 54. Qa4 Bh6 55. b5+ 1-0

[Event "SR 2. liga A 2011/2012"]
[Site "?"]
[Date "2012.01.28"]
[Round "44.5"]
[White "Liptak, Dusan"]
[Black "Ochrana, Ladislav"]
[Result "1-0"]
[WhiteElo "2075"]
[BlackElo "2062"]
[PlyCount "65"]
[EventDate "2011.??.??"]
[WhiteTeam "Slovakia"]
[BlackTeam "Slovakia"]
[WhiteTeamCountry "SVK"]
[BlackTeamCountry "SVK"]

1. d4 d5 2. c4 Nc6 3. e3 Nf6 4. Nc3 g6 5. Nf3 Bg7 6. cxd5 Nxd5 7. e4 Nxc3 8.
bxc3 O-O 9. Rb1 b6 10. Bd3 Na5 11. O-O Be6 12. Qe2 Qd7 13. Ng5 h6 14. Nxe6 Qxe6
15. f4 Qc6 16. Bb2 e6 17. h4 Qd7 18. h5 gxh5 19. f5 f6 20. fxe6 Qxe6 21. Rf5
Rad8 22. Rxa5 Kh8 23. Rxh5 Qxa2 24. Qg4 c5 25. Bc1 f5 26. exf5 Rd6 27. Bf4 Rc6
28. Be5 Qf7 29. Rf1 cxd4 30. f6 Kg8 31. fxg7 Qxf1+ 32. Bxf1 Rxf1+ 33. Kxf1 1-0

[Event "SR 2. liga A 2011/2012"]
[Site "?"]
[Date "2012.01.28"]
[Round "44.6"]
[White "Szollos, Ondrej"]
[Black "Puchart, Vladimir"]
[Result "1/2-1/2"]
[WhiteElo "2051"]
[BlackElo "2079"]
[PlyCount "30"]
[EventDate "2011.??.??"]
[WhiteTeam "Slovakia"]
[BlackTeam "Slovakia"]
[WhiteTeamCountry "SVK"]
[BlackTeamCountry "SVK"]

1. e4 c5 2. c3 d5 3. exd5 Qxd5 4. Nf3 Nc6 5. Be2 Nf6 6. O-O e6 7. Na3 Be7 8. d4
cxd4 9. Nb5 Qd8 10. Nbxd4 Nxd4 11. Nxd4 O-O 12. Bf4 Nd5 13. Bg3 Bd6 14. Bxd6
Qxd6 15. Bf3 Rb8 1/2-1/2

[Event "SR 2. liga A 2011/2012"]
[Site "?"]
[Date "2012.01.28"]
[Round "44.7"]
[White "Sturdik, Igor"]
[Black "Prikler, Bruno"]
[Result "0-1"]
[WhiteElo "2067"]
[BlackElo "2037"]
[PlyCount "76"]
[EventDate "2011.??.??"]
[WhiteTeam "Slovakia"]
[BlackTeam "Slovakia"]
[WhiteTeamCountry "SVK"]
[BlackTeamCountry "SVK"]

1. e4 g6 2. d4 Bg7 3. Nc3 d6 4. Be3 c6 5. Qd2 b5 6. f3 Nd7 7. Nge2 Nb6 8. Ng3
Qc7 9. a3 a6 10. Be2 h5 11. O-O-O Rb8 12. b3 a5 13. f4 h4 14. Nf1 Nh6 15. h3
Qb7 16. Qe1 Bd7 17. Bf2 Rc8 18. e5 dxe5 19. dxe5 Nd5 20. Ne4 Bf5 21. Nc5 Qc7
22. g3 hxg3 23. Bxg3 b4 24. Ba6 Ra8 25. Ne3 O-O 26. Bd3 Bxd3 27. Rxd3 bxa3 28.
f5 a2 29. Kb2 Bxe5+ 30. Bxe5 Qxe5+ 31. Kxa2 Nb4+ 32. Kb1 Qxc5 33. Rc3 Qe5 34.
Rc4 Nd5 35. fxg6 Qxe3 36. Qh4 fxg6 37. Rxc6 Rf6 38. Re1 Nf5 0-1

[Event "SR 2. liga A 2011/2012"]
[Site "?"]
[Date "2012.01.28"]
[Round "44.8"]
[White "Sosovicka, Matej"]
[Black "Krist, Milan"]
[Result "1/2-1/2"]
[WhiteElo "1961"]
[BlackElo "1990"]
[PlyCount "40"]
[EventDate "2011.??.??"]
[WhiteTeam "Slovakia"]
[BlackTeam "Slovakia"]
[WhiteTeamCountry "SVK"]
[BlackTeamCountry "SVK"]

1. e4 c6 2. d4 d5 3. Nc3 dxe4 4. Nxe4 Nf6 5. Nxf6+ exf6 6. c3 Bd6 7. Bd3 O-O 8.
Ne2 Bg4 9. Qc2 h6 10. h3 Bxe2 11. Bxe2 Qc7 12. Be3 Nd7 13. O-O Bf4 14. Qf5 Bxe3
15. fxe3 Rfe8 16. Bd3 Nf8 17. e4 Rad8 18. Rad1 b6 19. Bc4 c5 20. Bb3 Re7
1/2-1/2

[Event "SR 2. liga A 2011/2012"]
[Site "?"]
[Date "2012.01.28"]
[Round "45.1"]
[White "Frindt, Kornel"]
[Black "Jablonicky, Frantisek"]
[Result "1/2-1/2"]
[WhiteElo "2223"]
[BlackElo "2187"]
[PlyCount "113"]
[EventDate "2011.??.??"]
[WhiteTeam "Slovakia"]
[BlackTeam "Slovakia"]
[WhiteTeamCountry "SVK"]
[BlackTeamCountry "SVK"]

1. e4 {0} c6 2. c4 d5 3. exd5 cxd5 4. d4 Nf6 5. Nc3 g6 6. Qb3 Bg7 7. cxd5 O-O
8. Be2 Nbd7 9. Nh3 Nb6 10. Nf4 Bg4 11. Bxg4 Nxg4 12. O-O Bxd4 13. h3 Nf6 14.
Rd1 Be5 15. a4 Qc8 16. Nfe2 Qc4 17. Qxc4 Nxc4 18. a5 Rfc8 19. a6 b6 20. Nd4 Na5
21. Be3 Kf8 22. Ra2 Rd8 23. Ndb5 Nc4 24. Bh6+ Kg8 25. Bg5 Kg7 26. Rd3 h6 27.
Bc1 Rd7 28. f4 Bxc3 29. Nxc3 Rad8 30. Ra4 Nd6 31. g4 Nde8 32. Be3 Nc7 33. Bd4
g5 34. fxg5 hxg5 35. h4 Kg6 36. h5+ Kh6 37. Bxf6 exf6 38. Rc4 Nxa6 39. Rc6 Kg7
40. Rf3 Rd6 41. Rxd6 Rxd6 42. Rf5 Nc7 43. Kg2 b5 44. Ne4 Rxd5 45. Rxf6 Ne6 46.
h6+ Kg8 47. h7+ Kxh7 48. Rxf7+ Kg8 49. Rxa7 Rd4 50. Kf3 Rd3+ 51. Kf2 Rb3 52.
Re7 Rxb2+ 53. Ke1 Nf4 54. Nxg5 Nd3+ 55. Kd1 Nf2+ 56. Kc1 Nd3+ 57. Kd1 1/2-1/2

[Event "SR 2. liga A 2011/2012"]
[Site "?"]
[Date "2012.01.28"]
[Round "45.2"]
[White "Sekera, Branislav"]
[Black "Todor, Razvan"]
[Result "1-0"]
[WhiteElo "2151"]
[BlackElo "2199"]
[PlyCount "137"]
[EventDate "2011.??.??"]
[WhiteTeam "Slovakia"]
[BlackTeam "Slovakia"]
[WhiteTeamCountry "SVK"]
[BlackTeamCountry "SVK"]

1. Nf3 {0} c5 2. g3 b6 3. Bg2 Bb7 4. O-O Nf6 5. d3 d5 6. c3 e6 7. d4 Bd6 8. Bg5
Nbd7 9. e3 Qc7 10. Re1 Ne4 11. Bf4 O-O 12. Bxd6 Qxd6 13. Nbd2 f5 14. Rc1 Kh8
15. a3 Rf6 16. Qe2 Rg8 17. Red1 c4 18. Ne1 Rh6 19. f3 Nxd2 20. Rxd2 Nf6 21. f4
Ne4 22. Rdc2 Bc6 23. Ra1 Ba4 24. Rcc1 Be8 25. Qc2 Bh5 26. b3 cxb3 27. Qxb3 Nd2
28. Qc2 Nc4 29. Qf2 Na5 30. Ra2 Rc8 31. Qc2 Nc4 32. Qf2 Rf6 33. Nd3 Rf7 34. Ne5
Rfc7 35. Bf1 Nxa3 36. Rca1 Rxc3 37. Qb2 Nc2 38. Rxa7 h6 39. Rc1 b5 40. Qxb5
Nxe3 41. Rxc3 Rxc3 42. Qb7 Qf8 43. Ra8 Qxa8 44. Qxa8+ Kh7 45. Qa1 Rc2 46. Qe1
Nxf1 47. Qxf1 Rd2 48. Nf3 Bxf3 49. Qxf3 Rxd4 50. h3 Re4 51. g4 Kg6 52. Qg3 Kh7
53. g5 hxg5 54. Qxg5 d4 55. Kf2 Kg8 56. h4 Kf7 57. h5 d3 58. Kf3 Re1 59. Qd8
Rh1 60. Qd7+ Kf8 61. Qxe6 Rxh5 62. Kg2 d2 63. Qd6+ Kg8 64. Qxd2 Kh7 65. Qd5 Kh6
66. Qf7 g6 67. Qg8 g5 68. Qe6+ Kg7 69. Qxf5 1-0

[Event "SR 2. liga A 2011/2012"]
[Site "?"]
[Date "2012.01.28"]
[Round "45.3"]
[White "Petrik, Stanislav"]
[Black "Kozinka, Roman"]
[Result "1/2-1/2"]
[WhiteElo "2165"]
[BlackElo "2056"]
[PlyCount "103"]
[EventDate "2011.??.??"]
[WhiteTeam "Slovakia"]
[BlackTeam "Slovakia"]
[WhiteTeamCountry "SVK"]
[BlackTeamCountry "SVK"]

1. e4 {0} e5 2. Nf3 Nf6 3. Nxe5 d6 4. Nxf7 Kxf7 5. Nc3 Bg4 6. f3 Be6 7. d4 c6
8. Be3 Be7 9. Bd3 Re8 10. g4 Kg8 11. g5 Nh5 12. f4 g6 13. Qf3 d5 14. f5 dxe4
15. Bxe4 Bxf5 16. Bxf5 gxf5 17. O-O-O Ng7 18. h4 Nd7 19. Rdg1 Nb6 20. h5 Nd5
21. Bd2 Nxc3 22. Qxc3 Qd5 23. Kb1 Ne6 24. g6 Bf6 25. gxh7+ Kxh7 26. Qe3 Ng5 27.
Qf4 Re4 28. Qc7+ Re7 29. Qf4 Rg8 30. Bc1 Re4 31. Qc7+ Rg7 32. Qb8 Qd8 33. Qg3
Qxd4 34. h6 Rd7 35. c3 f4 36. Qg4 Qd3+ 37. Ka1 Rd5 38. Rh5 Qf3 39. Rxg5 Qxg4
40. R5xg4 Be5 41. Rg8 Rd3 42. Kb1 Rg3 43. R8xg3 fxg3 44. Kc2 Re2+ 45. Kd3 Rf2
46. Bd2 Bc7 47. Re1 g2 48. Re7+ Kh8 49. Re8+ Kh7 50. Re7+ Kh8 51. Re8+ Kh7 52.
Re7+ 1/2-1/2

[Event "SR 2. liga A 2011/2012"]
[Site "?"]
[Date "2012.01.28"]
[Round "45.4"]
[White "Kavon, Rastislav"]
[Black "Petrik, Karol"]
[Result "1/2-1/2"]
[WhiteElo "1879"]
[BlackElo "2082"]
[PlyCount "153"]
[EventDate "2011.??.??"]
[WhiteTeam "Slovakia"]
[BlackTeam "Slovakia"]
[WhiteTeamCountry "SVK"]
[BlackTeamCountry "SVK"]

1. e4 d5 2. exd5 Qxd5 3. Nc3 Qd6 4. Nf3 a6 5. d3 Nf6 6. Be3 Bg4 7. Be2 Nc6 8.
Qd2 e5 9. O-O-O Be7 10. h3 Bxf3 11. Bxf3 O-O-O 12. g4 Nd4 13. Bg2 h6 14. f4
exf4 15. Bxf4 Qb4 16. Rhe1 Rhe8 {0} 17. Qf2 {0} Bd6 18. Bd2 Be5 19. a3 Qd6 20.
Re3 Bf4 21. Rxe8 Bxd2+ 22. Qxd2 Rxe8 23. Rf1 Qc5 24. Kb1 Qg5 25. Qf2 Qe3 26.
Ne4 Qxf2 27. Rxf2 Nxe4 28. Bxe4 f6 29. Kc1 c6 30. Kd2 Kc7 31. h4 Re5 32. Ke3 c5
33. c3 Nb5 34. Rf5 Nd6 35. Rxe5 fxe5 36. Bd5 b6 37. Be6 Kd8 38. Bd5 Ke7 39. Bf3
Ke6 40. Be4 a5 41. Kf3 g5 42. hxg5 hxg5 43. Ke3 Ne8 44. Bf5+ Kd6 45. c4 Nf6 46.
a4 Ke7 47. Kf3 Ke8 48. Ke3 Kd8 49. Kf3 Kc7 50. Ke3 Kd6 51. Kf3 e4+ 52. dxe4 Ke5
53. Ke3 Ne8 54. b3 Nf6 55. Kf3 Kd4 56. e5 Kxe5 57. Ke3 Ne8 58. Bd7 Nd6 59. Bc6
Nc8 60. Bd7 Ne7 61. Be8 Ng8 62. Bd7 Kd6 63. Bf5 Ke5 64. Bd7 Nh6 65. Bc8 Nf7 66.
Bb7 Kf6 67. Ke4 Nd6+ 68. Kd5 Nxb7 69. Kc6 Nd8+ 70. Kxb6 Ne6 71. Kxa5 Nd4 72.
Kb6 Nxb3 73. a5 Nxa5 74. Kxa5 Ke5 75. Kb6 Kf4 76. Kxc5 Kxg4 77. Kd5 1/2-1/2

[Event "SR 2. liga A 2011/2012"]
[Site "?"]
[Date "2012.01.28"]
[Round "45.5"]
[White "Krajnak, Robert"]
[Black "Mackovic, Matus"]
[Result "1-0"]
[WhiteElo "2094"]
[BlackElo "1873"]
[PlyCount "61"]
[EventDate "2011.??.??"]
[WhiteTeam "Slovakia"]
[BlackTeam "Slovakia"]
[WhiteTeamCountry "SVK"]
[BlackTeamCountry "SVK"]

1. c4 {0} Nf6 {0} 2. Nf3 g6 3. Nc3 Bg7 4. e3 O-O 5. Be2 d6 6. O-O e5 7. d3 Nc6
8. Rb1 Ne8 9. b4 f5 10. b5 Ne7 11. Qc2 c6 12. Ba3 c5 13. Nd2 b6 14. Bf3 Rb8 15.
Bb2 Bb7 16. Bxb7 Rxb7 17. a4 d5 18. cxd5 Kh8 19. e4 f4 20. f3 g5 21. a5 Ng6 22.
axb6 axb6 23. Ra1 Rff7 24. Ra6 Nc7 25. Ra2 Qd7 26. Nc4 g4 27. fxg4 Ne8 28. Ra8
Rf8 29. h3 Nh4 30. Na4 Qc7 31. d6 1-0

[Event "SR 2. liga A 2011/2012"]
[Site "?"]
[Date "2012.01.28"]
[Round "45.6"]
[White "Lopatievov, Alexander"]
[Black "Magyar, Frantisek"]
[Result "1/2-1/2"]
[WhiteElo "1925"]
[BlackElo "2019"]
[PlyCount "57"]
[EventDate "2011.??.??"]
[WhiteTeam "Slovakia"]
[BlackTeam "Slovakia"]
[WhiteTeamCountry "SVK"]
[BlackTeamCountry "SVK"]

1. b4 d5 2. Bb2 e6 3. e3 Nf6 4. a3 Be7 5. Nf3 Nbd7 6. c4 c6 7. Nc3 O-O 8. Qc2
b6 9. cxd5 cxd5 10. Be2 Bb7 11. O-O Rc8 12. Qa4 Bc6 13. Bb5 Bxb5 14. Nxb5 a5
15. Na7 Ra8 16. Nc6 Qe8 17. bxa5 bxa5 18. Bc3 Nc5 19. Qb5 Bd6 20. a4 Ra6 21.
Nxa5 Qa8 22. d4 Nce4 23. Be1 Rb8 24. Qd3 Bc7 25. Nb3 Rxa4 26. Rxa4 Qxa4 27.
Nbd2 h6 28. g3 Bd6 29. Nh4 1/2-1/2

[Event "SR 2. liga A 2011/2012"]
[Site "?"]
[Date "2012.01.28"]
[Round "45.7"]
[White "Polacik, Igor"]
[Black "Mackovic, Miroslav"]
[Result "1-0"]
[WhiteElo "2165"]
[BlackElo "1911"]
[PlyCount "93"]
[EventDate "2011.??.??"]
[WhiteTeam "Slovakia"]
[BlackTeam "Slovakia"]
[WhiteTeamCountry "SVK"]
[BlackTeamCountry "SVK"]

1. e4 c5 2. Nf3 d6 3. Bb5+ Bd7 4. Bxd7+ Qxd7 5. O-O Nc6 6. c3 Nf6 7. d4 cxd4 8.
cxd4 Nxe4 9. d5 Nb8 10. Re1 Nf6 11. Bg5 h6 12. Bxf6 gxf6 13. Nc3 Na6 14. Qd4
Bg7 15. Ne4 O-O 16. Ng3 e5 17. Qh4 Nc7 18. Rad1 Rad8 19. Qh5 f5 20. Nxf5 f6 21.
Qg6 Kh8 22. N3h4 Qf7 23. Nxh6 Bxh6 24. Qxh6+ Qh7 25. Ng6+ Kg8 26. Qxh7+ Kxh7
27. Nxf8+ Rxf8 28. Re3 Kg7 29. Ra3 a6 30. Rb3 b5 31. Rc3 Rf7 32. Rc6 Rd7 33. b4
Kf7 34. f3 f5 35. Kf2 Kf6 36. Ke3 Kg5 37. g3 Kf6 38. Kf2 Kf7 39. h4 Kg7 40. a3
Kf6 41. Rd2 e4 42. f4 Kg6 43. Rb6 Kh5 44. Rb8 Re7 45. Rh8+ Kg4 46. Rg8+ Kh3 47.
Kg1 1-0

[Event "SR 2. liga A 2011/2012"]
[Site "?"]
[Date "2012.01.28"]
[Round "46.1"]
[White "Schwarz, Dusan"]
[Black "Kundrik, Peter"]
[Result "1/2-1/2"]
[WhiteElo "2286"]
[BlackElo "2260"]
[PlyCount "35"]
[EventDate "2011.??.??"]
[WhiteTeam "Slovakia"]
[BlackTeam "Slovakia"]
[WhiteTeamCountry "SVK"]
[BlackTeamCountry "SVK"]

1. d4 g6 2. c4 Nf6 3. Nc3 Bg7 4. e4 O-O 5. f3 Nc6 6. Nge2 e5 7. d5 Nd4 8. Be3
c5 9. dxc6 dxc6 10. Nxd4 exd4 11. Bxd4 Nxe4 12. Bxg7 Qh4+ 13. g3 Nxg3 14. Bf6
Re8+ 15. Be2 Qxf6 16. hxg3 Qxf3 17. Kd2 Qe3+ 18. Kc2 1/2-1/2

[Event "SR 2. liga A 2011/2012"]
[Site "?"]
[Date "2012.01.28"]
[Round "46.2"]
[White "Abel, Peter"]
[Black "Janos, Martin"]
[Result "1/2-1/2"]
[WhiteElo "2198"]
[BlackElo "2252"]
[PlyCount "100"]
[EventDate "2011.??.??"]
[WhiteTeam "Slovakia"]
[BlackTeam "Slovakia"]
[WhiteTeamCountry "SVK"]
[BlackTeamCountry "SVK"]

1. c4 e6 2. Nf3 d5 3. g3 Nf6 4. Bg2 Nc6 5. b3 Be7 6. O-O d4 7. d3 O-O 8. Na3 h6
9. Nc2 a5 10. a3 Re8 11. e4 dxe3 12. Nxe3 Bc5 13. Nc2 e5 14. Be3 Bxe3 15. Nxe3
Nd4 16. Nxd4 Qxd4 17. Qc2 c6 18. Rad1 Be6 19. Qd2 Qd6 20. Qb2 Rad8 21. b4 Qd4
22. Qb3 Rd7 23. Rfe1 Bg4 24. Rd2 Qb6 25. Qc3 axb4 26. axb4 Bh5 27. c5 Qc7 28.
Nc4 Nd5 29. Qb2 f6 30. d4 exd4 31. Rxe8+ Bxe8 32. Nd6 Bg6 33. Qxd4 Ne7 34. Bh3
Rd8 35. Qe3 Kh7 36. Be6 Ra8 37. h4 Ra1+ 38. Kg2 Rb1 39. Rd4 Nd5 40. Bxd5 cxd5
41. Qf3 Qe7 42. h5 Bc2 43. Qe3 Qe5 44. Qxe5 fxe5 45. Rxd5 Rxb4 46. Rxe5 Ba4 47.
Rf5 Bc6+ 48. Kf1 Rb2 49. Ke1 b6 50. cxb6 Rxb6 1/2-1/2